000 00807nam a2200253Ia 4500
003 OSt
005 20220923222147.0
006 a|||||r|||| 00| 0
007 ta
008 220922b |||||||| |||| 00| 0 ben d
024 _a203,502
037 _cTextual
040 _aARTS
_cARTS
_bben
041 _2ben
_aben
082 _aO157,3N19,1, 152L8-;1
100 _aचन्दू, प्रतापचंद्, उपनाम्
_9158326
245 0 _aलेनदेन की नायिका
246 _aLenaden kī nāyikā
260 _c1978
300 _a168पृ0
_ccm.
650 _aबंगाली कहानी
942 _hO157,3N19,1, 152L8-;1
_cTEXL
_2CC
999 _c354254
_d354254